00233nam a2200073Ia 4500008004100000082000800041100002000049245009000069240331s9999 xx 000 0 und d bINT aSanjeevi, N. ed 0aInthiya viduthalayum Thamil iyakkamum :binthiya viduthalai velli vila karuththarangu